| 000 | 01978cam a2200373 i 4500 | ||
|---|---|---|---|
| 999 |
_c525849 _d525849 |
||
| 001 | 20164830 | ||
| 003 | NUST | ||
| 005 | 20190705054336.0 | ||
| 008 | 171206s2018 enk b 001 0 eng | ||
| 010 | _a 2017046377 | ||
| 020 | _a9781786606792 (cloth : alk. paper) | ||
| 020 | _a9781786606808 (pbk. : alk. paper) | ||
| 038 | _aMuhammad Ibrahim | ||
| 040 |
_aDLC _beng _cDLC _erda _dDLC |
||
| 042 | _apcc | ||
| 050 | 0 | 0 |
_aTK5105.8854 _b.U53 2018 |
| 082 | 0 | 0 |
_a384.334 _223 _bUND 2019 |
| 245 | 0 | 0 |
_aUnderstanding cyber security : _bemerging governance and strategy / _cedited by Gary Schaub Jr. |
| 264 | 1 |
_aLondon ; _aNew York : _bRowman & Littlefield International, Ltd., _c[2018] |
|
| 300 |
_axv, 270 pages ; _c24 cm |
||
| 336 |
_atext _btxt _2rdacontent |
||
| 337 |
_aunmediated _bn _2rdamedia |
||
| 338 |
_avolume _bnc _2rdacarrier |
||
| 504 | _aIncludes bibliographical references and index. | ||
| 505 | 0 | _aInternet governance and national security -- Managing decentralized cyber governance -- Tragedy of the cyber commons? -- Rise of a cybered Westphalian age 2.0 -- Blown to bits : China's war in cyberspace, August-September 2025 -- Nuclear lessons for cyber security? -- Escalation dynamics and conflict termination in cyberspace -- Specter of non-obvious warfare -- Act and actor attribution in cyberspace -- Strengthening private-public partnerships in national cybersecurity. | |
| 650 | 0 |
_aInternet governance. _916791 |
|
| 650 | 0 |
_aComputer networks _xSecurity measures. _9466 |
|
| 650 | 0 |
_aInternet _xSecurity measures. _916792 |
|
| 700 | 1 |
_aSchaub, Gary, _cJr., _d1969- _eeditor. _916793 |
|
| 776 | 0 | 8 |
_iOnline version: _tUnderstanding cyber security _dLondon ; New York : Rowman & Littlefield International, Ltd., [2018] _z9781786606815 _w(DLC) 2017058716 |
| 906 |
_a7 _bcbc _corignew _d1 _eecip _f20 _gy-gencatlg |
||
| 942 |
_2ddc _cBK |
||